000 00448nam a22001817a 4500
003 MPLRDC
005 20220104184516.0
008 210129b ||||| |||| 00| 0 eng d
020 _a986-6457-50-0
082 _a411.1 CYJ
100 _a陈俞君
245 _a养生黑钻--竹炭
_c
250 _a初版
260 _a台湾
_b大众国际书局股份有限公司
_c2009
300 _b
650 _a养生保健
942 _cBK
_o411.1 CYJ
999 _c62896
_d62886